Dimensionamiento, construcción y puesta en marcha de una columna empacada para extracción líquido-líquido
Guardat en:
| Autor principal: | |
|---|---|
| Format: | Llibre |
| Publicat: |
2011
|
| Matèries: | |
| Etiquetes: |
Afegir etiqueta
Sense etiquetes, Sigues el primer a etiquetar aquest registre!
|
MARC
| LEADER | 00000nam a2200000Ia 4500 | ||
|---|---|---|---|
| 003 | 010535 | ||
| 005 | 20221231144027.0 | ||
| 008 | 140114s2011 cr a 000 0 s d | ||
| 040 | |c cru CEDI | ||
| 090 | |a TFG 6374 | ||
| 100 | |a Coyado Parrales, Olger Mauricio |9 2521 | ||
| 245 | |a Dimensionamiento, construcción y puesta en marcha de una columna empacada para extracción líquido-líquido | ||
| 260 | |c 2011 | ||
| 500 | |a Proyecto de graduación (licenciatura en ingeniería química)--Universidad de Costa Rica. Facultad de Ingeniería. Escuela de Ingeniería Química | ||
| 650 | |x EXTRACCION (QUIMICA) |x LIQUIDOS |x INGENIERÍA QUÍMICA |9 2522 | ||
| 942 | |c TFG | ||
| 999 | |c 15817 |d 15817 | ||
